000
00307nam a22001337a 4500
008
170418b xxu||||| |||| 00| 0 eng d
020
_a
9780849369759
041
_a
eng
080
_a
573
100
_a
11
101
_a
SHM
245
_a
ENDOTHELINS IN BIOLOGY AND MEDICINE
_c
HUGGINS, J.P
942
_2
udc
_c
BK
999
_c
11006
_d
11006